000 00353nam a2200133Ia 4500
008 100328s9999 xx 000 0 und d
082 _b68284
100 _aकाकडे द.स.
245 _aसंन्याशी.
260 _bमेघना.
630 _aसंन्याशी.
730 _aसंन्याशी.
942 _cBOOK
999 _c554023
_d554020